Normal view
MARC view
- ASP.Net.2,0 Projects
Entry Topical Term
001 - CONTROL NUMBER
- control field: 253
003 - CONTROL NUMBER IDENTIFIER
- control field: JO-AjAnu
005 - DATE AND TIME OF LATEST TRANSACTION
- control field: 20230606070337.0
008 - FIXED-LENGTH DATA ELEMENTS
- fixed length control field: 230606|| aca||aabn | a|a d
040 ## - CATALOGING SOURCE
- Original cataloging agency: JO-AjAnu
- Transcribing agency: JO-AjAnu
150 ## - HEADING--TOPICAL TERM
- Topical term or geographic name entry element: ASP.Net.2,0 Projects
670 ## - SOURCE DATA FOUND
- Source citation: Work cat.: (JO-AjAnu)132: Singh,GURMEET, author 252, ASP.Net.2,0 Projects